2: Der Brautigam, die Komodiantin und der Zuhalter /

Gorde:
Xehetasun bibliografikoak
Egile nagusia: Bach, Johann Sebastian (Konpositorea)
Beste egile batzuk: Straub, Jean-Marie (Zuzendaria), Huillet, Danièle (Eszenan ipintzen duena), Hermann, Irm (Aktorea), Ungerer, Lilith (Aktorea), Fassbinder, Rainer Werner (Aktorea), Schygulla, Hanna (Aktorea), Schilling, Klaus (Argazkilaria), Hagen, Hubs (Argazkilaria), Powell, James (attore) (Aktorea), Raben, Peer (Aktorea), Peterson, Kristin (Aktorea)
Formatua: Diapositiba
Hizkuntza:alemana
Argitaratua: [Roma] : Rarovideo, 2005
Etiketak: Etiketa erantsi
Etiketarik gabe, Izan zaitez lehena erregistro honi etiketa jartzen!

MARC

LEADER 00000ngm a22000007ib4500
001 IT\ICCU\UBO\2826198
003 ItRI
005 20260124182843.0
008 051006s2005 it |||||||||||||||k|||||c
040 |b ita 
041 7 |a ger  |2 ISO-639-2 
130 4 |a Der Brautigam, die Komodiantin und der Zuhalter <film ; 1968>  |3 IT\ICCU\RAV\1360214 
245 0 7 |a 2: Der Brautigam, die Komodiantin und der Zuhalter /  |c [regia: Jean-Marie Straub ; sceneggiatura: Jean-Marie Straub, Daniele Huillet ; fotografia: Klaus Schilling, Hubs Hagen ; musica: Johann Sebastian Bach]. 
246 1 1 |a Il fidanzato, l'attrice e il ruffiano.  |9 IT\ICCU\RAV\1360208 
246 1 1 |a Il fidanzato, l'attrice, l'amante.  |9 IT\ICCU\UBO\2826218 
260 |a [Roma] :  |b Rarovideo,  |c 2005 
300 |a 1 DVD video ;  |c sonoro (Dolby digital 2.0), b/n ; 12 cm 
500 |a Codice area: 0 
500 |a Tit. del contenitore 
500 |a Film del 1968, prod. Germania; interpreti: James Powell, Lilith Ungerer, Rainer Werner Fassbinder, Peer Raben, Irm Hermann; durata: ca. 23 min 
500 |a Prima del tit.: RWF 1977 
500 |a Sull'etichetta: il fidanzato, l'attrice, l'amante. 
700 1 |a Bach, Johann Sebastian  |0 IT\ICCU\CFIV\077206  |4 cmp 
700 1 |a Straub, Jean-Marie  |0 IT\ICCU\LO1V\130200  |4 drt 
700 1 |a Huillet, Danièle  |0 IT\ICCU\LO1V\130201  |4 sce 
700 1 |a Hermann, Irm  |0 IT\ICCU\LO1V\301337  |4 act 
700 1 |a Ungerer, Lilith  |0 IT\ICCU\MODV\313417  |4 act 
700 1 |a Fassbinder, Rainer Werner  |0 IT\ICCU\RAVV\057361  |4 act 
700 1 |a Schygulla, Hanna  |0 IT\ICCU\RAVV\089363  |4 act 
700 1 |a Schilling, Klaus  |0 IT\ICCU\UBOV\002098  |4 pht 
700 1 |a Hagen, Hubs  |0 IT\ICCU\UBOV\002099  |4 pht 
700 1 |a Powell, James  |c  (attore)  |0 IT\ICCU\UBOV\002103  |4 act 
700 1 |a Raben, Peer  |0 IT\ICCU\UBOV\489028  |4 act 
700 1 |a Peterson, Kristin  |0 IT\ICCU\VEAV\460782  |4 act 
773 0 |w IT\ICCU\RAV\1360187  |t Liebe ist kalter als der Tod  |t Das kleine Chaos  |t Der Stadtstreicher  |g 2 
790 1 |a Bach, Johannes Sebastian  |3 IT\ICCU\CFIV\148281  |z Bach, Johann Sebastian 
790 1 |a Bach, Giovanni Sebastiano  |3 IT\ICCU\MUSV\003525  |z Bach, Johann Sebastian 
790 1 |a Fassbinder, Werner  |3 IT\ICCU\SBNV\033758  |z Fassbinder, Rainer Werner 
790 1 |a Fassbinder, R. W.  |3 IT\ICCU\SBNV\033759  |z Fassbinder, Rainer Werner 
790 1 |a Fassbinder, Rainer  |3 IT\ICCU\SBNV\033760  |z Fassbinder, Rainer Werner 
942 |2 ddc  |c VM  |n 0 
952 |0 0  |1 0  |4 0  |6 VO_1277_000000000000000  |7 0  |9 27030  |a BO  |b BO  |d 2026-01-24  |i 9859  |l 0  |o VO 1277  |p BO9859  |r 2026-01-24 18:28:43  |w 2026-01-24  |x [Sebina 7] [DVD 2]  |y VM  |z DVD 2 
999 |c 22872  |d 22872